Účtovanie štátnej podpory na nájomné pre podnikateľov
Podnikateľmi očakávaná štátna podpora na nájomné bola prijatá zákonom č.155/2020 Z.z., ktorým sa dopĺňa zákon č.71/2013 Z.z. o poskytovaní dotácií v pôsobnosti Ministerstva hospodárstva SR v súvislosti s COVID-19. Štátna podpora je poskytovaná podnikateľom, ktorí museli podstatne obmedziť možnosť pr...
Gespeichert in:
| 1. Verfasser: | |
|---|---|
| Format: | Buchkapitel |
| Sprache: | Slowakisch |
| Schlagworte: | |
| Tags: |
Keine Tags, Fügen Sie das erste Tag hinzu!
|
MARC
| LEADER | 00000naa a2200000 4500 | ||
|---|---|---|---|
| 001 | 0268258 | ||
| 005 | 20200904144619.2 | ||
| 041 | 0 | |a slo | |
| 044 | |a SK | ||
| 245 | 1 | 0 | |a Účtovanie štátnej podpory na nájomné pre podnikateľov |c Mária Horváthová |
| 520 | |a Podnikateľmi očakávaná štátna podpora na nájomné bola prijatá zákonom č.155/2020 Z.z., ktorým sa dopĺňa zákon č.71/2013 Z.z. o poskytovaní dotácií v pôsobnosti Ministerstva hospodárstva SR v súvislosti s COVID-19. Štátna podpora je poskytovaná podnikateľom, ktorí museli podstatne obmedziť možnosť predaja tovaru alebo poskytovanie služieb a tým mali zníženú schopnosť tvoriť zisk a platiť nájomné. | ||
| 610 | 2 | 0 | |a podnikatelia |
| 610 | 2 | 0 | |a podpora štátna |
| 610 | 2 | 0 | |a nájomné |
| 610 | 2 | 0 | |a zákony |
| 610 | 2 | 0 | |a COVID-19 |
| 100 | 1 | |a Horváthová, Mária | |